Bytový dom

Guardado en:
Detalles Bibliográficos
Autor principal: Štefina, Miroslav (Autor)
Otros Autores: Hollý, Ján (Orientador)
Formato: Manuscrito Libro
Lenguaje:eslovaco
Publicado: 2019
Materias:
Acceso en línea:http://is.stuba.sk/zp/portal_zp.pl?podrobnosti=116985
https://opac.crzp.sk/?fn=detailBiblioForm&sid=5405D7E2C43D9DAFB898C1CA0676
Etiquetas: Agregar Etiqueta
Sin Etiquetas, Sea el primero en etiquetar este registro!

MARC

LEADER 00000ntm a22000003a 4500
001 stuzp68505
003 SK-STU
005 20230719143531.8
007 ta
008 150427s2015----xo-----f-mn---000-0-slo-d
040 |a STU  |b slo 
041 0 |a slo 
100 1 |a Štefina, Miroslav  |u 010180  |4 aut  |U SvF Stavebná fakulta  |T SvF Katedra konštrukcií pozemných stavieb  |X 75635  |U V180  |Y 18  |7 75635 
242 0 1 |a Apartment building  |y eng 
245 1 0 |a Bytový dom 
260 |c 2019 
650 4 |a bytový dom  |2 slo 
650 4 |a výkresová dokumentácia  |2 slo 
650 4 |a posudky  |2 slo 
650 4 |a technická správa  |2 slo 
650 4 |a residential building  |2 eng 
650 4 |a reports  |2 eng 
650 4 |a technical report  |2 eng 
650 4 |a drawing documentation  |2 eng 
700 1 |a Hollý, Ján  |u 010180  |k Z3  |4 ths  |U SvF Stavebná fakulta  |T SvF Katedra konštrukcií pozemných stavieb  |X 67045  |U V180  |Y 18  |7 A000067045 
856 4 |u http://is.stuba.sk/zp/portal_zp.pl?podrobnosti=116985 
856 4 |u https://opac.crzp.sk/?fn=detailBiblioForm&sid=5405D7E2C43D9DAFB898C1CA0676